01783nam a2200445 a 450000100080000000500110000800800410001910000200006024501230008026000960020330000190029949000370031852004390035565000160079465000210081065000150083165000260084665000130087265000190088565000180090465000340092265000310095665000250098765000160101265000150102865000090104365300180105265300090107065300240107965300240110365300260112765300250115365300240117865300320120265300200123465300210125465300190127570000230129470000200131715029752026-03-25 1999 bl uuuu u00u1 u #d1 aMOURA, G. de M. aAvaliação de cultivares e linhagens de soja na microrregião do Alto Purus no estado do Acre.h[electronic resource] aIn: CONGRESSO BRASILEIRO DE SOJA, 1999, Londrina, PR. Anais... Londrina: Embrapa-CNPSc1999 ap. 480.cR339. a(Embrapa-CNPS. Documentos, 124). aEste trabalho teve o objetivo de avaliar o potencial produtivo de cultivares e linhagens de soja de ciclos precoce e tardio nas condições do vale do Acre, foram conduzidos dois experimentos nos anos de 1997 e 1998, no município de Rio Branco. No primeiro ano, o ensaio foi instalado na fazenda Baixa Verde e, no segundo, na estação experimental da Embrapa, sendo o solo, de ambos os locais, da classe Podzólico Vermelho Amarelo. aAcclimation aAgronomic traits aCrop yield aEnvironmental factors aSoybeans aVariety trials aAclimatação aCaracterísticas Agronômicas aComportamento de Variedade aCondição Ambiental aGlycine Max aRendimento aSoja aAclimatación aAcre aAmazonia Occidental aAmazônia Ocidental aEnsayos de variedades aFactores ambientales aFazenda Baixa Verde aRendimiento de los cultivos aRio Branco (AC) aSemillas de soja aWestern Amazon1 aSILVA, M. D. O. da1 aBRITO, P. A. C.